Stati sopra o sotto l'Equatore? - Quiz n°8 - Statistics

Statistiche generali
  • Questo quiz è stato fatto 66 volte
  • Il punteggio medio è 8 su 10
Statistiche sulle risposte
Hint Risposta % Corretto
Zambia Sud dell'Equatore
96%
Arabia Saudita Nord dell'Equatore
94%
Bahamas Nord dell'Equatore
85%
Nigeria Nord dell'Equatore
83%
Laos Nord dell'Equatore
83%
Isole Salomone Sud dell'Equatore
83%
Barbados Nord dell'Equatore
80%
Guinea-Bissau Nord dell'Equatore
72%
Seychelles Sud dell'Equatore
67%
Isole Marshall Nord dell'Equatore
39%
Nessun quiz corrispondente trovato
Distribuzione punteggi
Percentuale di utenti per punteggio
Percentile per numero di risposta
I tuoi punteggi nel tempo
Non hai fatto questo quiz